000 00328 a2200157 4500
001 62913
020 _a9788506066492
040 _cAnchieta - Pituba
100 _aAguiar, Luiz Antonio
240 1 0 _aGóticos I
_lpor
245 1 0 _aGóticos I
300 _a326
362 0 _a2011
650 4 _aLiteratura juvenil
942 _cBK
999 _c62913
_d62913